| 000 | 00665nam a22001815i 4500 | ||
|---|---|---|---|
| 001 | 155282 | ||
| 003 | ES-MaACL | ||
| 005 | 20251014063221.0 | ||
| 008 | 940202s1894 sp |||| | spa d | ||
| 040 |
_aCAM _bspa |
||
| 100 | 1 |
_aOfalia, Narciso de Heredia, _cConde de, _d1775-1847 _9127875 |
|
| 245 | 1 | 0 |
_aEscritos del conde de Ofalia / _cpublicados por su nieto, el Marqués de Heredia. |
| 260 |
_aBilbao : _b[s.n.], _c1894 ( _fImp. y Enc. de la S.A. La Propaganda) |
||
| 300 |
_aIX, 796 p. ; _c23 cm. |
||
| 700 | 1 |
_aHeredia, Narciso de Heredia, _cMarqués de, _d1832-1912 _9127878 |
|
| 852 |
_aES-MaACL _jF-9411 _z-- Enc. hol. |
||
| 999 |
_c155282 _d155282 |
||